000 00793nam a2200193 i 4500
001 147176
003 ES-MaACL
005 20250830214546.0
007 t|
008 070924s1983 ag b |||| | spa d
245 0 0 _aLibros de los Estados Unidos traducidos al idioma español
_b: tomados de catálogos vigentes hasta enero 1983 /
_cMary C. Turner, compiladora.
260 _aBuenos Aires :
_bServicio Informativo y Cultural de los Estados Unidos.
300 _a320 p. ;
_c27 cm.
650 4 _aLiteratura norteamericana-
_xTraducciones al español-
_vBibliografías.
_9167883
700 1 _aTurner, Mary C.
_9111743
710 1 _aArgentina.
_bCentro Regional del Libro.
_bServicio Informativo y Cultural de los Estados Unidos
_96583
852 _aES-MaACL
_jL-5557
999 _c147176
_d147176